Every 1990s Premier League Manager Quiz Stats

 Plays Quiz Updated May 14, 2018

Score 0/67 Timer 12:00
2 Plays Today
Clubs Manager % Correct
ArsenalArsène Wenger
96.1%
Manchester UnitedAlex Ferguson
92.6%
Arsenal, Leeds United, Tottenham HotspurGeorge Graham
83.6%
Blackburn Rovers, NewcastleKenny Dalglish
81.7%
NewcastleKevin Keegan
72.5%
NewcastleBobby Robson
72.4%
Chelsea, NewcastleRuud Gullit
72.3%
MiddlesbroughBryan Robson
72.1%
West Ham UnitedHarry Redknapp
71%
LiverpoolGerard Houllier
69.5%
ChelseaGianluca Vialli
68%
ChelseaGlenn Hoddle
67.8%
Liverpool, SouthamptonGraeme Souness
67.8%
ArsenalBruce Rioch
67.3%
Aston Villa, Coventry City, Sheffield Wednesday, Nottingham ForestRon Atkinson
67.1%
LiverpoolRoy Evans
66.6%
Nottingham ForestBrian Clough
66.4%
Derby CountyJim Smith
66.3%
EvertonWalter Smith
66%
Crystal PalaceAlan Smith
65.5%
Leeds UnitedDavid O'Leary
65.1%
Leicester CityMartin O'Neill
65%
Charlton AthleticAlan Curbishley
60.7%
Oldham Athletic, Everton, Manchester CityJoe Royle
59%
Coventry CityGordon Strachan
55%
Blackburn RoversRoy Hodgson
54.9%
Manchester City, SunderlandPeter Reid
52%
Queens Park RangersRay Wilkins
51.9%
Aston VillaJohn Gregory
51.9%
WatfordGraham Taylor
51.8%
WimbledonJoe Kinnear
50.1%
EvertonHoward Kendall
49.9%
Queens Park Rangers, Tottenham HotspurGerry Francis
48.8%
Leeds UnitedHoward Wilkinson
48.8%
Clubs Manager % Correct
Sheffield WednesdayTrevor Francis
48%
Barnsley, Sheffield WednesdayDanny Wilson
45.5%
Leicester City, Aston VillaBrian Little
43.1%
SouthamptonDave Jones
42.6%
Norwich City, EvertonMike Walker
41.4%
Bradford CityPaul Jewell
40.9%
Southampton, Manchester CityAlan Ball
40.7%
Tottenham HotspurChristian Gross
39.2%
Sheffield United, Nottingham ForestDave Bassett
37.5%
Tottenham HotspurOssie Ardiles
37.4%
Nottingham ForestFrank Clark
35.8%
Crystal PalaceSteve Coppell
35.1%
Blackburn RoversBrian Kidd
30.4%
Ipswich TownGeorge Burley
30.3%
WimbledonEgil Olsen
28.1%
Blackburn RoversRay Harford
25.6%
Sheffield WednesdayDavid Pleat
25.5%
West Ham UnitedBilly Bonds
24.5%
Bolton WanderersColin Todd
22.2%
Coventry CityBobby Gould
19.5%
Swindon TownJohn Gorman
17.4%
ChelseaIan Porterfield
17.3%
Manchester CityBrian Horton
17.1%
Ipswich TownJohn Lyall
15.8%
Coventry CityPhil Neal
15.2%
ChelseaDavid Webb
12%
MiddlesbroughLennie Lawrence
11.2%
SouthamptonIan Branfoot
10.2%
Bolton WanderersRoy McFarland
9.5%
SouthamptonDave Merrington
9.4%
Leicester CityMark McGhee
9.2%
Norwich CityJohn Deehan
8.2%
Tottenham HotspurDoug Livermore
7.3%

You're not logged in!

Compare scores with friends on all Sporcle quizzes.
OR
Log In

Sporcle TV

Today on Sporcle TV


Watch our educational content, quiz creation guides, and fun videos on Sporcle TV.

Show Comments

Extras

Top Quizzes Today


Score Distribution

Your Account Isn't Verified!

In order to create a playlist on Sporcle, you need to verify the email address you used during registration. Go to your Sporcle Settings to finish the process.

Report this User

Report this user for behavior that violates our Community Guidelines.

Details: